| 000 | 01911cad a22003255a 4500 | ||
|---|---|---|---|
| 001 | L146500 | ||
| 002 | 17390 | ||
| 008 | 090127s2008 xxk f 000 0 eng d | ||
| 020 |
_a9780750686167 _a9781405147552 |
||
| 035 | _a(Sirsi) u146500 | ||
| 041 | 0 | _aeng | |
| 050 | 0 | 4 | _a692.5 $2 18 |
| 100 | 1 | _aBrook, Martin | |
| 245 | 0 | 0 |
_aEstimating and tendering for construction work _h[electronic resource] |
| 250 | _a4th ed. | ||
| 260 |
_aOxfordbButterworth-Heinemann _c2008 |
||
| 300 | _aeBook | ||
| 350 | _a24.99 | ||
| 505 | 2 | _aOrganization of the estimating function -- Procurement paths -- Forms of contract -- Tender documentation -- Estimating methods -- Contractor selection and decision to tender -- Project appreciation and enquiries to suppliers and sub-contractors -- Tenders wth cost planning -- Tender planning and method statements -- Resource costs: labour, materials and plant -- Unit rate pricing -- Sub-contractors and market testing -- Risk, opportunities and fluctuations -- Provisional sums and dayworks -- Preliminaries -- Cashflow forecasts -- Completing the estimate and final tender review -- Tender submission and results -- Action with the successful tender -- Computer-aided estimating | |
| 520 | _aSets out the role of the estimator at every stage of the project process. This new edition is updated to take account of new tendering and procurement methods, the increased emphasis on collaborative working and the move from basic estimating to cost planning. | ||
| 520 | _aSupersedes 3rd edition (ISBN 0750658649) | ||
| 520 | _aSuperseded by 5th edition ISBN 9781138838062 | ||
| 521 | _aAdvanced | ||
| 590 | _aKA | ||
| 650 | 2 | 4 | _aEBOOK |
| 651 | 4 |
_aUnited Kingdom _y |
|
| 690 | _aBUILT ENVIRONMENT-QUANTITY SURVEYING-CONSTRUCTION COST ESTIMATING | ||
| 856 | 4 | 8 |
_uhttps://www.vlebooks.com/ _zView on VLEbooks. Logins for members only from [email protected] |
| 942 | _n0 | ||
| 999 |
_c109201 _d109201 |
||